000 00781nam a2200229Ia 4500
003 GCL
008 140319s9999 xx 000 0 ara d
040 _aGCL /
_cGCL
082 0 4 _aق
_b962
_bع ا
100 1 _aعبدالعظيم رمضان
245 1 0 _aاكذوبة الاستعمار المصرى للسودان : رؤية تاريخية (13) /
_cعبدالعظيم رمضان
260 _a[S.N] :
_bالهيئة المصرية العامة للكتاب ،
_c1988
300 _a211 ص
490 _aتاريخ المصريين
_v0
650 0 4 _aمصر
650 0 4 _aتاريخ
650 0 4 _aالسودان
650 0 4 _aالعلاقات السياسية
650 0 4 _aثورة 23 يوليو 1952
650 0 4 _aالاحتلال البريطانى
942 _2ddc
_cBK
999 _c52486
_d52486